| 000 | 00373nam a2200145 a 4500 | ||
|---|---|---|---|
| 001 | 3575 | ||
| 003 | CDMR | ||
| 005 | 20130116135245.0 | ||
| 008 | 130130s1966||||||||||||||||||||||||||||d | ||
| 040 |
_aCDMR _bcat _cCPC GIRONA |
||
| 100 | 1 |
_aHaas, Claude Raymond _92553 |
|
| 245 | 1 | 0 |
_aTeoría, técnica y práctica de la publicidad _cHaas, C.R. |
| 260 |
_c1966 _bRialp |
||
| 942 | _cMON | ||
| 999 |
_c3575 _d3575 |
||